Sports Teams with Bird Nicknames - Statistics

General Stats
  • This quiz has been taken 84 times
  • The average score is 44 of 66
Answer Stats
League Team % Correct
Boston College Eagles
97%
Coppin State Eagles
97%
Creighton Bluejays
97%
Eastern Michigan Eagles
97%
Eastern Washington Eagles
97%
Florida Gulf Coast Eagles
97%
Georgia Southern Eagles
97%
Morehead State Eagles
97%
North Carolina Central Eagles
97%
Philadelphia Eagles
97%
Toronto Blue Jays
97%
Winthrop Eagles
97%
NCAA Air Force Falcons
95%
NFL Arizona Cardinals
95%
Atlanta Falcons
95%
Ball State Cardinals
95%
Bowling Green Falcons
95%
Incarnate Word Cardinals
95%
Lamar Cardinals
95%
St. Louis Cardinals
95%
NBA Atlanta Hawks
92%
Hartford Hawks
92%
Maryland Eastern Shore Hawks
92%
Monmouth Hawks
92%
North Dakota Fighting Hawks
92%
Seattle Seahawks
92%
St. Joseph's Hawks
92%
UNC Wilmington Seahawks
92%
Wagner Seahawks
92%
Baltimore Ravens
82%
MLB Baltimore Orioles
80%
Marquette Golden Eagles
78%
Oral Roberts Golden Eagles
78%
Southern Miss Golden Eagles
78%
Tennessee Tech Golden Eagles
78%
American Eagles
75%
Niagara Purple Eagles
75%
Louisville Cardinals
73%
Miami (OH) Redhawks
73%
Seattle U Redhawks
73%
Southeast Missouri State Redhawks
73%
New Orleans Pelicans
72%
NHL Anaheim Ducks
70%
Oregon Ducks
70%
Tennessee-Martin Skyhawks
70%
Mass-Lowell River Hawks
68%
Pittsburgh Penguins
65%
Youngstown State Penguins
65%
Florida Atlantic Owls
28%
Kennesaw State Owls
28%
Rice Owls
28%
Temple Owls
28%
Illinois State Redbirds
27%
Kansas Jayhawks
25%
North Florida Ospreys
17%
Delaware Fightin' Blue Hens
13%
UTSA Roadrunners
13%
Jacksonville State Gamecocks
10%
South Carolina Gamecocks
10%
Iowa Hawkeyes
7%
Coastal Carolina Chanticleers
5%
Elon Phoenix
5%
Wisconsin Green Bay Phoenix
5%
Southern Utah Thunderbirds
3%
Lehigh Mountain Hawks
0%
St. Peter's Peacocks
0%
No matching quizzes found
Score Distribution
Percent of People with Each Score
Percentile by Number Answered
Your Score History
You have not taken this quiz